000 01235cam a22003131a 4500
001 gs 15000845
003 DLC
005 20260227111318.0
008 790620s1915 oncbf f000 0 eng
010 _ags 15000845
035 _a(OCoLC)5085692
040 _aDLC
_cTxCM
_dPPiU
_dDLC
043 _an-cn---
050 0 0 _aQH1
_b.C13 no. 18
051 _aQE446
_b.K5
100 1 _aKindle, E. M.
_q(Edward Martin),
_d1869-1940.
245 1 0 _aStructural relations of the pre-Cambrian and Palaeozoic rocks north of the Ottawa and St. Lawrence valleys /
_cby E.M. Kindle and L.D. Burling.
260 _aOttawa :
_bGovernment Printing Bureau,
_c1915.
300 _aii, 23 p., [7] leaves of plates :
_bill., maps, plans [1] folded ;
_c25 cm.
490 1 _aMuseum bulletin / National Museum of Canada ; no. 18.
_aGeological series ;
_vno. 28
500 _aCover title.
500 _aAt head of title: Canada. Department of mines.
500 _a"July 23, 1915."
650 0 _aPetrology
_zCanada.
650 0 _aGeology
_zCanada.
700 1 _aBurling, Lancaster Demorest,
_d1882-
830 0 _aMuseum bulletin (National Museum of Canada) ;
_vno. 18.
830 0 _aMuseum bulletin (National Museum of Canada).
_pGeological series ;
_vno. 28.
999 _c25598
_d25598